[Event "Titled Tuesday intern op 25th Jun Late"]
[Site "Chess.com INT"]
[Date "2024.06.25"]
[Round "4"]
[White "Chabris, Christopher"]
[Black "Aghasaryan, Robert"]
[Result "0-1"]
[WhiteElo "2054"]
[BlackElo "2537"]
[PlyCount "86"]
[EventDate "2024.06.25"]
[EventType "swiss (blitz)"]
[EventRounds "11"]
[EventCountry "USA"]
[SourceTitle "EXT 2025"]
[Source "ChessBase"]
[SourceDate "2024.10.14"]
[SourceVersion "1"]
[SourceVersionDate "2024.10.14"]
[SourceQuality "1"]

1. e4 e5 2. Nf3 Nc6 3. Bb5 Nf6 4. d3 Bc5 5. Bxc6 dxc6 6. Nbd2 Nd7 7. Nb3 Be7 8. 0-0 0-0 9. Be3 c5 10. a4 b6 11. a5 Bb7 12. Nbd2 Re8 13. Qe2 f6 14. Nh4 Nf8 15. Nf5 Ne6 16. g3 Bf8 17. f4 exf4 18. gxf4 g6 19. Ng3 f5 20. c3 Bh6 21. Qf2 Qxd3 22. Rad1 Rad8 23. exf5 Nd4 24. Bxd4 cxd4 25. Nde4 Qc4 26. Nf6+ Kf7 27. Nxe8 Rxe8 28. fxg6+ hxg6 29. Rxd4 Qc6 30. h4 Bf8 31. f5 g5 32. hxg5 Bc5 33. g6+ Kg8 34. f6 Rf8 35. f7+ Kg7 36. Nh5+ Kh6 37. Qf4+ Kxg6 38. Qf5+ Kh6 39. Qf4+ Kg6 40. Qg4+ Kh6 41. Qg7+ Kxh5 42. Qg4+ Kh6 43. Qh4+ Kg6 0-1

[Event "Titled Tuesday intern op 04th Jun Late"]
[Site "Chess.com INT"]
[Date "2024.06.04"]
[Round "11"]
[White "Aghasaryan, Robert"]
[Black "Antunes, Luciano Justi"]
[Result "1-0"]
[WhiteElo "2537"]
[BlackElo "2045"]
[PlyCount "45"]
[EventDate "2024.06.04"]
[EventType "swiss (blitz)"]
[EventRounds "11"]
[EventCountry "USA"]
[SourceTitle "EXT 2025"]
[Source "ChessBase"]
[SourceDate "2024.10.14"]
[SourceVersion "1"]
[SourceVersionDate "2024.10.14"]
[SourceQuality "1"]

1. d4 Nf6 2. c4 e6 3. g3 Bb4+ 4. Nd2 0-0 5. Bg2 d5 6. Ngf3 c5 7. 0-0 cxd4 8. Nxd4 Nc6 9. N2f3 Nxd4 10. Qxd4 Bd7 11. cxd5 Qe7 12. Bg5 Bc5 13. d6 Qxd6 14. Qxd6 Bxd6 15. Bxf6 gxf6 16. Rfd1 Bb5 17. Rxd6 Bxe2 18. Nd4 Ba6 19. Rxa6 bxa6 20. Bxa8 Rxa8 21. b4 Rd8 22. Nb3 Rd4 23. Nxd4 1-0

[Event "Saint Louis Summer-B"]
[Site "Saint Louis"]
[Date "2018.05.23"]
[Round "9"]
[White "Ali Marandi, Cemil Can"]
[Black "Aghasaryan, Robert"]
[Result "1/2-1/2"]
[WhiteElo "2521"]
[BlackElo "2532"]
[PlyCount "61"]
[EventDate "2018.05.15"]
[EventType "tourn"]
[EventRounds "9"]
[EventCountry "USA"]
[EventCategory "12"]
[SourceTitle "CBM 185"]
[Source "ChessBase"]
[SourceDate "2018.07.13"]
[SourceVersion "1"]
[SourceVersionDate "2018.07.13"]
[SourceQuality "1"]

1. e4 e5 2. Nf3 Nc6 3. Nc3 Nf6 4. d4 exd4 5. Nxd4 Bb4 6. Nxc6 bxc6 7. Bd3 d5 8. exd5 cxd5 9. 0-0 0-0 10. Bg5 c6 11. Qf3 h6 12. Bxf6 Qxf6 13. Qxf6 gxf6 14. Ne2 Bd6 15. Nd4 c5 16. Nf5 Bxf5 17. Bxf5 Rab8 18. b3 Rfe8 19. Rfe1 Kf8 20. g3 Rxe1+ 21. Rxe1 Bc7 22. Kg2 Re8 23. Rxe8+ Kxe8 24. Kf3 Ke7 25. h4 Ba5 26. Ke2 Kd6 27. Bg4 Ke5 28. Bh5 Ke6 29. Bf3 Ke5 30. Bh5 Ke6 31. Bf3 1/2-1/2

[Event "Saint Louis Summer-B"]
[Site "Saint Louis"]
[Date "2018.05.15"]
[Round "1"]
[White "Aghasaryan, Robert"]
[Black "Stukopin, Andrey"]
[Result "1/2-1/2"]
[WhiteElo "2532"]
[BlackElo "2580"]
[PlyCount "60"]
[EventDate "2018.05.15"]
[EventType "tourn"]
[EventRounds "9"]
[EventCountry "USA"]
[EventCategory "12"]
[SourceTitle "CBM 185"]
[Source "ChessBase"]
[SourceDate "2018.07.13"]
[SourceVersion "1"]
[SourceVersionDate "2018.07.13"]
[SourceQuality "1"]

1. d4 Nf6 2. c4 e6 3. Nf3 d5 4. g3 Bb4+ 5. Nbd2 dxc4 6. Qc2 b5 7. a4 c6 8. Bg2 a5 9. 0-0 0-0 10. b3 c3 11. Nb1 bxa4 12. bxa4 Bb7 13. Rd1 c5 14. Nxc3 Na6 15. Bg5 cxd4 16. Nxd4 Bxg2 17. Kxg2 Bxc3 18. Qxc3 Ne4 19. Qe3 Nxg5 20. Nf3 Qe7 21. Qxg5 Qxg5 22. Nxg5 Nc5 23. Nf3 Rfd8 24. Rdb1 Rab8 25. Rxb8 Rxb8 26. Ne5 f6 27. Nc4 Rb4 28. Nxa5 Rxa4 29. Rxa4 Nxa4 30. e4 Nc5 1/2-1/2

[Event "PRO League Stage"]
[Site "Chess.com INT"]
[Date "2018.02.28"]
[Round "8"]
[White "Ynojosa Aponte, Felix Jose"]
[Black "Aghasaryan, Robert"]
[Result "0-1"]
[WhiteElo "2387"]
[BlackElo "2531"]
[PlyCount "98"]
[EventDate "2018.01.18"]
[EventType "team-swiss (rapid)"]
[EventRounds "9"]
[EventCountry "USA"]
[SourceTitle "EXT 2019"]
[Source "ChessBase"]
[SourceDate "2018.10.10"]
[SourceVersion "1"]
[SourceVersionDate "2018.10.10"]
[SourceQuality "1"]
[WhiteTeam "Rio Grande Ospreys"]
[BlackTeam "Las Vegas Desert Rats"]
[WhiteTeamCountry "USA"]
[BlackTeamCountry "USA"]

1. c4 e6 2. Nc3 d5 3. d4 Be7 4. Bf4 Nf6 5. e3 0-0 6. Nf3 Nbd7 7. cxd5 Nxd5 8. Nxd5 exd5 9. Bd3 Nf6 10. h3 Bb4+ 11. Nd2 Ne4 12. Bxe4 dxe4 13. 0-0 Bxd2 14. Qxd2 c6 15. f3 exf3 16. Rxf3 Re8 17. Rg3 Bf5 18. Rc1 Kh8 19. a4 f6 20. h4 Be4 21. Qb4 Qd7 22. a5 Rad8 23. Rc5 Bd5 24. Rc1 Re6 25. Rc3 Rde8 26. Ra3 Re4 27. Qc5 a6 28. Qb6 R8e7 29. Ra4 h6 30. h5 Kh7 31. Rb4 Qf5 32. Qd8 Qxh5 33. Qb8 Qf7 34. Bd6 Rd7 35. Bc5 Re8 36. Qf4 Qe6 37. Ra4 g5 38. Qf2 h5 39. Ra3 h4 40. Rh3 Kg6 41. Rc3 Be4 42. Rc1 Rd5 43. Qd2 Bf5 44. Rf3 Bg4 45. Rf2 Qxe3 46. Qxe3 Rxe3 47. Kh2 Rf5 48. Rxf5 Bxf5 49. Kg1 Re2 0-1

[Event "PRO League Stage"]
[Site "Chess.com INT"]
[Date "2018.02.24"]
[Round "7"]
[White "Studer, Noel"]
[Black "Aghasaryan, Robert"]
[Result "1-0"]
[WhiteElo "2476"]
[BlackElo "2531"]
[PlyCount "99"]
[EventDate "2018.01.18"]
[EventType "team-swiss (rapid)"]
[EventRounds "9"]
[EventCountry "USA"]
[SourceTitle "EXT 2019"]
[Source "ChessBase"]
[SourceDate "2018.10.10"]
[SourceVersion "1"]
[SourceVersionDate "2018.10.10"]
[SourceQuality "1"]
[WhiteTeam "Riga Magicians"]
[BlackTeam "Las Vegas Desert Rats"]
[WhiteTeamCountry "LAT"]
[BlackTeamCountry "USA"]

1. d4 d5 2. c4 e6 3. Nf3 Nf6 4. g3 dxc4 5. Bg2 Nc6 6. Qa4 Bb4+ 7. Bd2 Nd5 8. Bxb4 Ndxb4 9. 0-0 Rb8 10. Nc3 a6 11. Ne5 0-0 12. Nxc6 Nxc6 13. Bxc6 bxc6 14. Qxc4 Rxb2 15. Rab1 Rb6 16. Na4 Rb5 17. Nc5 Qd5 18. Qxd5 cxd5 19. a4 Rxb1 20. Rxb1 Re8 21. Rb8 Kf8 22. f4 Ke7 23. a5 Kd6 24. Nxa6 Bd7 25. Rb2 Ra8 26. Nc5 Bc8 27. Kf2 Kc6 28. g4 Ba6 29. Nxa6 Rxa6 30. Rb8 Kd7 31. Rb5 Rc6 32. h4 Rc4 33. e3 Ra4 34. h5 h6 35. g5 Ra2+ 36. Kf3 Ke7 37. Rb7 Kd7 38. Ra7 Kd6 39. Ra8 Kd7 40. a6 Kd6 41. a7 Ke7 42. Rg8 Rxa7 43. Rxg7 hxg5 44. fxg5 Kf8 45. h6 Ra1 46. g6 fxg6 47. Rxc7 Rf1+ 48. Kg4 Rf5 49. Rc8+ Kf7 50. h7 1-0

[Event "Yerevan Margaryan Memorial"]
[Site "Yerevan"]
[Date "2017.01.15"]
[Round "8"]
[White "Baghdasaryan, Vahe"]
[Black "Aghasaryan, Robert"]
[Result "0-1"]
[WhiteElo "2490"]
[BlackElo "2524"]
[PlyCount "90"]
[EventDate "2017.01.08"]
[EventType "tourn"]
[EventRounds "9"]
[EventCountry "ARM"]
[EventCategory "11"]
[SourceTitle "CBM 176 Extra"]
[Source "ChessBase"]
[SourceDate "2017.03.02"]
[SourceVersion "1"]
[SourceVersionDate "2017.03.02"]
[SourceQuality "1"]

1. c4 e6 2. g3 d5 3. Bg2 Nf6 4. Nf3 Be7 5. 0-0 0-0 6. b3 d4 7. Bb2 Nc6 8. e3 e5 9. exd4 exd4 10. Na3 Bc5 11. Nc2 Bf5 12. d3 a5 13. Qd2 h6 14. a3 Qd6 15. Rab1 Ng4 16. Ba1 Nge5 17. Nxe5 Nxe5 18. b4 axb4 19. axb4 Ba7 20. c5 Qg6 21. Bxd4 Nc6 22. Rb3 Rad8 23. Qc3 Rd7 24. Ra1 Rfd8 25. Bxc6 Qxc6 26. Ne3 Be6 27. b5 Qf3 28. Bxg7 Bxb3 29. Bxh6 Rd4 30. Rxa7 Kh7 31. Qxb3 Rxd3 32. Qb1 Kxh6 33. Ra1 f5 34. Qf1 f4 35. Nf5+ Kg5 36. Nh4 Qd5 37. Ng2 fxg3 38. Qc1+ Rd2 39. hxg3 Qf3 40. Qf1 Rd1 41. Ne1 Qe4 42. f4+ Kf6 43. Rxd1 Rxd1 44. Kf2 Rd2+ 45. Kg1 Qe3+ 0-1

[Event "Yerevan Margaryan Memorial"]
[Site "Yerevan"]
[Date "2017.01.14"]
[Round "7"]
[White "Aghasaryan, Robert"]
[Black "Paravyan, David"]
[Result "1/2-1/2"]
[WhiteElo "2524"]
[BlackElo "2540"]
[PlyCount "80"]
[EventDate "2017.01.08"]
[EventType "tourn"]
[EventRounds "9"]
[EventCountry "ARM"]
[EventCategory "11"]
[SourceTitle "CBM 176 Extra"]
[Source "ChessBase"]
[SourceDate "2017.03.02"]
[SourceVersion "1"]
[SourceVersionDate "2017.03.02"]
[SourceQuality "1"]

1. d4 Nf6 2. Nf3 e6 3. g3 d5 4. Bg2 Be7 5. c4 0-0 6. 0-0 dxc4 7. Qc2 b6 8. Qxc4 Bb7 9. Qc2 Nbd7 10. Nc3 c5 11. e4 cxd4 12. Nxd4 Bc5 13. Rd1 Qe7 14. Qe2 Ne5 15. Bf4 Ng6 16. Be3 Rfd8 17. Rac1 h5 18. Nc2 Ng4 19. Bxc5 Qxc5 20. h3 Nf6 21. Qe3 Qxe3 22. Nxe3 h4 23. Nc4 hxg3 24. fxg3 Rab8 25. Kf2 Ba6 26. Bf1 Bxc4 27. Bxc4 Ne5 28. Be2 g5 29. Ke3 Kg7 30. Rxd8 Rxd8 31. Nd1 g4 32. hxg4 Nexg4+ 33. Kf4 e5+ 34. Kf5 Nh6+ 35. Kxe5 Re8+ 36. Kf4 Rxe4+ 37. Kf3 Nf5 38. Bd3 Nd4+ 39. Kg2 Re1 40. Kf2 Rh1 1/2-1/2

[Event "Jermuk Asrian Memorial 7th"]
[Site "Jermuk"]
[Date "2014.06.24"]
[Round "9"]
[White "Aghasaryan, Robert"]
[Black "Grigoryan, Karen H"]
[Result "1/2-1/2"]
[WhiteElo "2502"]
[BlackElo "2577"]
[PlyCount "21"]
[EventDate "2014.06.16"]
[EventType "swiss"]
[EventRounds "9"]
[EventCountry "ARM"]
[SourceTitle "CBM 160 Extra"]
[Source "ChessBase"]
[SourceDate "2014.07.01"]
[SourceVersion "1"]
[SourceVersionDate "2014.07.01"]
[SourceQuality "1"]

1. d4 d5 2. c4 dxc4 3. Nf3 Nf6 4. e3 e6 5. Bxc4 c5 6. 0-0 a6 7. dxc5 Bxc5 8. Qxd8+ Kxd8 9. Be2 Nc6 10. Nc3 Ke7 11. Bd2 1/2-1/2

[Event "Jermuk Asrian Memorial 7th"]
[Site "Jermuk"]
[Date "2014.06.21"]
[Round "6"]
[White "Aghasaryan, Robert"]
[Black "Torosyan, Norayr"]
[Result "1-0"]
[WhiteElo "2502"]
[BlackElo "2322"]
[PlyCount "173"]
[EventDate "2014.06.16"]
[EventType "swiss"]
[EventRounds "9"]
[EventCountry "ARM"]
[SourceTitle "CBM 160 Extra"]
[Source "ChessBase"]
[SourceDate "2014.07.01"]
[SourceVersion "1"]
[SourceVersionDate "2014.07.01"]
[SourceQuality "1"]

1. e4 c5 2. Nf3 d6 3. Bb5+ Bd7 4. c4 Nf6 5. Nc3 g6 6. 0-0 Bg7 7. d4 cxd4 8. Bxd7+ Nfxd7 9. Nxd4 Nc6 10. Nde2 0-0 11. b3 a6 12. a4 Qa5 13. Bd2 Rfc8 14. Rb1 Nf6 15. Nd5 Qd8 16. Be3 Nd7 17. f3 Rab8 18. Ndc3 Nb4 19. Qd2 Nc5 20. Kh1 Qe8 21. Nf4 e6 22. Nce2 a5 23. Nc3 Rd8 24. Na2 Nxa2 25. Qxa2 Rbc8 26. Rfd1 Qc6 27. Qd2 b6 28. Ne2 Rd7 29. Bg5 Qa8 30. Nc3 Na6 31. Nb5 Nb4 32. Qf2 Qc6 33. Bf4 d5 34. cxd5 exd5 35. e5 d4 36. Nd6 Rxd6 37. exd6 Qd5 38. Rbc1 Rd8 39. Rc4 h6 40. Qe2 Bf6 41. h3 b5 42. axb5 Qxb5 43. Rdc1 Nd5 44. Qd2 Nxf4 45. Qxf4 Bg5 46. Qxd4 Bxc1 47. Rxc1 Qb4 48. Qxb4 axb4 49. Rc6 Kg7 50. Kg1 Kf6 51. Kf2 Ke6 52. Ke3 Ra8 53. Rc4 Kxd6 54. Rxb4 h5 55. Rd4+ Ke5 56. Rd2 Rb8 57. Rb2 Rb4 58. Kd3 Kd5 59. Kc3 Kc5 60. Ra2 Rb7 61. Ra5+ Kb6 62. Rd5 Kc6 63. Rd4 Re7 64. Kd3 Kc5 65. b4+ Kb5 66. Re4 Ra7 67. Ke3 Ra6 68. Kf4 f6 69. h4 Rd6 70. Re8 Rd4+ 71. Kg3 Rd5 72. Rb8+ Ka4 73. Rb6 Rf5 74. Kf2 g5 75. g3 g4 76. f4 Rd5 77. Ke2 Kb3 78. Rxf6 Kxb4 79. Rc6 Ra5 80. Rc2 Kb3 81. Kd3 Kb4 82. Ke4 Ra3 83. Rf2 Kc5 84. f5 Kd6 85. f6 Ke6 86. f7 Ra4+ 87. Kd3 1-0

[Event "EU-ch 15th"]
[Site "Yerevan"]
[Date "2014.03.14"]
[Round "11"]
[White "Aghasaryan, Robert"]
[Black "Tregubov, Pavel V"]
[Result "1/2-1/2"]
[WhiteElo "2503"]
[BlackElo "2614"]
[PlyCount "99"]
[EventDate "2014.03.03"]
[EventType "swiss"]
[EventRounds "11"]
[EventCountry "ARM"]
[SourceTitle "CBM 160"]
[Source "ChessBase"]
[SourceDate "2014.05.15"]
[SourceVersion "1"]
[SourceVersionDate "2014.05.15"]
[SourceQuality "1"]

1. d4 Nf6 2. c4 c5 3. d5 b5 4. cxb5 a6 5. bxa6 g6 6. Nc3 Bxa6 7. g3 Bg7 8. Bg2 d6 9. Nf3 Nbd7 10. Rb1 0-0 11. 0-0 Qa5 12. Bd2 Qc7 13. b3 Bb7 14. Nh4 Nb6 15. Bc1 Nfd7 16. Nb5 Qc8 17. a4 c4 18. Bg5 Nf6 19. e4 cxb3 20. Qxb3 Nxa4 21. e5 Nc5 22. exf6 Nxb3 23. fxg7 Kxg7 24. Rxb3 f6 25. Be3 g5 26. Rc1 gxh4 27. Rxc8 Rfxc8 28. Rb1 Ba6 29. Nd4 Rcb8 30. Re1 Bd3 31. Nc6 Rb1 32. Rxb1 Bxb1 33. Nxe7 Bd3 34. h3 hxg3 35. Bf3 Ra1+ 36. Kg2 gxf2 37. Kxf2 Ra2+ 38. Kg3 Ra3 39. Kf2 Ra2+ 40. Kg3 Ra3 41. Bc1 Rb3 42. Kf2 f5 43. Nc8 Be4 44. Bxe4 fxe4 45. Nxd6 Rxh3 46. Nxe4 Rd3 47. d6 Kf7 48. Bf4 h5 49. Ke2 Rd5 50. Kf3 1/2-1/2

[Event "EU-ch 15th"]
[Site "Yerevan"]
[Date "2014.03.12"]
[Round "9"]
[White "Aghasaryan, Robert"]
[Black "Brunello, Sabino"]
[Result "1-0"]
[WhiteElo "2503"]
[BlackElo "2593"]
[PlyCount "65"]
[EventDate "2014.03.03"]
[EventType "swiss"]
[EventRounds "11"]
[EventCountry "ARM"]
[SourceTitle "CBM 160"]
[Source "ChessBase"]
[SourceDate "2014.05.15"]
[SourceVersion "1"]
[SourceVersionDate "2014.05.15"]
[SourceQuality "1"]

1. d4 Nf6 2. c4 e5 3. dxe5 Ng4 4. Nf3 Bc5 5. e3 Nc6 6. Be2 0-0 7. Nc3 Ngxe5 8. 0-0 a5 9. Nxe5 Nxe5 10. b3 d6 11. Bb2 Re8 12. Nd5 Bf5 13. Nf4 c6 14. Qd2 Qg5 15. Kh1 Ng6 16. Nh5 Nh4 17. Rg1 Be4 18. Ng3 Nf5 19. Nxe4 Rxe4 20. g3 Re6 21. a3 h5 22. g4 hxg4 23. Rxg4 Qh6 24. Qc2 Qh7 25. Bd3 Rh6 26. f4 Rh5 27. Rag1 Kf8 28. Rxg7 Qxg7 29. Bxg7+ Nxg7 30. Qg2 Ne8 31. Qg8+ Ke7 32. Rg5 Rxg5 33. fxg5 1-0

[Event "EU-ch 15th"]
[Site "Yerevan"]
[Date "2014.03.11"]
[Round "8"]
[White "Pashikian, Arman"]
[Black "Aghasaryan, Robert"]
[Result "1-0"]
[WhiteElo "2612"]
[BlackElo "2503"]
[PlyCount "81"]
[EventDate "2014.03.03"]
[EventType "swiss"]
[EventRounds "11"]
[EventCountry "ARM"]
[SourceTitle "CBM 160"]
[Source "ChessBase"]
[SourceDate "2014.05.15"]
[SourceVersion "1"]
[SourceVersionDate "2014.05.15"]
[SourceQuality "1"]

1. d4 d5 2. c4 e6 3. Nf3 Nf6 4. Nc3 Be7 5. Bf4 0-0 6. e3 Nbd7 7. c5 c6 8. h3 b6 9. b4 a5 10. a3 h6 11. Bd3 Ba6 12. Bxa6 Rxa6 13. 0-0 Qa8 14. Rb1 axb4 15. axb4 Qb7 16. Nd2 Rfa8 17. Nb3 Ra3 18. Qc2 bxc5 19. bxc5 Bd8 20. Rb2 Qa6 21. Rc1 Kh8 22. f3 Qa7 23. Rcb1 Ne8 24. Nc1 Qa5 25. N1e2 Bf6 26. Bg3 e5 27. Be1 Qd8 28. Rb7 Nc7 29. f4 exd4 30. exd4 Ne6 31. Bf2 Kg8 32. f5 Nef8 33. Bg3 Qe8 34. Rc7 Nxc5 35. dxc5 d4 36. Ne4 d3 37. Qc4 R8a4 38. Rb8 Rxc4 39. Rxe8 dxe2 40. Nxf6+ gxf6 41. Rcc8 1-0

[Event "EU-ch 15th"]
[Site "Yerevan"]
[Date "2014.03.07"]
[Round "5"]
[White "Aghasaryan, Robert"]
[Black "Martirosyan, Haik M"]
[Result "1/2-1/2"]
[WhiteElo "2503"]
[BlackElo "2234"]
[PlyCount "85"]
[EventDate "2014.03.03"]
[EventType "swiss"]
[EventRounds "11"]
[EventCountry "ARM"]
[SourceTitle "CBM 160"]
[Source "ChessBase"]
[SourceDate "2014.05.15"]
[SourceVersion "1"]
[SourceVersionDate "2014.05.15"]
[SourceQuality "1"]

1. Nf3 Nf6 2. c4 e6 3. g3 b6 4. Bg2 Bb7 5. 0-0 c5 6. Nc3 Be7 7. d4 cxd4 8. Qxd4 d6 9. Bg5 a6 10. Bxf6 Bxf6 11. Qf4 0-0 12. Rfd1 Be7 13. Ne4 Bxe4 14. Qxe4 Ra7 15. Nd4 Rc7 16. b3 Qc8 17. Rd2 Rd8 18. Rad1 Bf8 19. e3 Rc5 20. Qd3 Nd7 21. a4 Nf6 22. Qb1 Be7 23. Rd3 g6 24. Qb2 h5 25. h4 Ng4 26. Qe2 Kg7 27. R3d2 Nf6 28. Rc2 e5 29. Nf3 b5 30. axb5 axb5 31. Rdc1 bxc4 32. bxc4 Qc7 33. Ng5 Rb8 34. Bf3 Rc8 35. Bg2 d5 36. Bh3 Ng4 37. Bxg4 hxg4 38. Qxg4 Bxg5 39. Qxg5 dxc4 40. h5 Qd6 41. hxg6 Qxg6 42. Qxg6+ Kxg6 43. e4 1/2-1/2

[Event "EU-ch 15th"]
[Site "Yerevan"]
[Date "2014.03.06"]
[Round "4"]
[White "Dilanyan, Grigor"]
[Black "Aghasaryan, Robert"]
[Result "0-1"]
[WhiteElo "2266"]
[BlackElo "2503"]
[PlyCount "112"]
[EventDate "2014.03.03"]
[EventType "swiss"]
[EventRounds "11"]
[EventCountry "ARM"]
[SourceTitle "CBM 160"]
[Source "ChessBase"]
[SourceDate "2014.05.15"]
[SourceVersion "1"]
[SourceVersionDate "2014.05.15"]
[SourceQuality "1"]

1. d4 d5 2. c4 c6 3. Nf3 Nf6 4. g3 dxc4 5. Bg2 a6 6. a4 c5 7. 0-0 cxd4 8. Nxd4 e5 9. Nc2 Qxd1 10. Rxd1 Nc6 11. Bg5 Be6 12. Bxc6+ bxc6 13. Nd2 c3 14. bxc3 Nd5 15. Nb1 f6 16. Bc1 a5 17. e4 Nb6 18. Nd2 0-0-0 19. Ne3 Bc5 20. Re1 Rd3 21. Ndf1 Kc7 22. Re2 Rhd8 23. Kg2 Rxc3 24. Bd2 Ra3 25. Rxa3 Bxa3 26. Bxa5 Ra8 27. Bxb6+ Kxb6 28. Re1 Rxa4 29. Ra1 Kb5 30. Nd1 Bb4 31. Rb1 Ra3 32. Nfe3 Rb3 33. Ra1 Ba5 34. Nc2 Kb6 35. Nde3 g6 36. Rd1 Kc7 37. Ra1 Bb6 38. Ra8 Bc8 39. Nc4 Bc5 40. Ra5 Rb5 41. Ra8 Be6 42. N4e3 Rb8 43. Ra5 Bb6 44. Ra3 Rd8 45. Rc3 Kb7 46. Nb4 Rd6 47. Kf3 Ba5 48. Nec2 Kb6 49. Ra3 c5 50. Nd3 c4 51. Nc5 Bb4 52. Nxb4 Kxc5 53. Nc2 Rd3+ 54. Ke2 Bg4+ 55. Kf1 Rxa3 56. Nxa3 c3 0-1

[Event "Minsk Bronstein Memorial op"]
[Site "Minsk"]
[Date "2014.02.15"]
[Round "5"]
[White "Aghasaryan, Robert"]
[Black "Rakhmanov, Alexander"]
[Result "0-1"]
[WhiteElo "2467"]
[BlackElo "2606"]
[PlyCount "114"]
[EventDate "2014.02.11"]
[EventType "swiss (rapid)"]
[EventRounds "9"]
[EventCountry "BLR"]
[SourceTitle "CBM 158 Extra"]
[Source "ChessBase"]
[SourceDate "2014.02.28"]
[SourceVersion "1"]
[SourceVersionDate "2014.02.28"]
[SourceQuality "1"]

1. d4 d6 2. Nf3 Nf6 3. c4 g6 4. Nc3 Bf5 5. g3 Ne4 6. Nxe4 Bxe4 7. Bh3 d5 8. 0-0 Bxf3 9. exf3 dxc4 10. Re1 Nd7 11. d5 Nb6 12. Qd4 Rg8 13. Rd1 c6 14. Bg5 Nxd5 15. Qxc4 h6 16. Be3 e6 17. b4 Qd7 18. Rac1 a6 19. a4 f5 20. b5 cxb5 21. axb5 Qxb5 22. Qa2 Qd7 23. f4 Rc8 24. Rb1 Bc5 25. Bg2 Bxe3 26. Bxd5 exd5 27. Rxd5 Bxf2+ 28. Kxf2 Qc7 29. Re1+ Kf8 30. Re2 Rg7 31. Rde5 Rf7 32. Qb2 Kg8 33. Re6 Kh7 34. Kg2 Qd7 35. h4 h5 36. Qe5 Qb5 37. Qe3 Qd5+ 38. Kh2 Rcf8 39. Rd2 Qc4 40. Rdd6 Rg7 41. Qe5 Qc2+ 42. Kh3 Qe4 43. Qa1 Qc4 44. Kh2 Rc8 45. Qe1 Qc1 46. Qf2 Rc2 47. Re2 Rgc7 48. Red2 Rxd2 49. Rxd2 Re7 50. Rc2 Qd1 51. Rd2 Qc1 52. Rc2 Qd1 53. Rd2 Qg4 54. Kg1 a5 55. Rd3 a4 56. Qb2 a3 57. Qb4 Qe2 0-1

[Event "Minsk Bronstein Memorial op"]
[Site "Minsk"]
[Date "2014.02.12"]
[Round "2"]
[White "Zherebukh, Yaroslav"]
[Black "Aghasaryan, Robert"]
[Result "1/2-1/2"]
[WhiteElo "2623"]
[BlackElo "2467"]
[PlyCount "130"]
[EventDate "2014.02.11"]
[EventType "swiss (rapid)"]
[EventRounds "9"]
[EventCountry "BLR"]
[SourceTitle "CBM 158 Extra"]
[Source "ChessBase"]
[SourceDate "2014.02.28"]
[SourceVersion "1"]
[SourceVersionDate "2014.02.28"]
[SourceQuality "1"]

1. e4 e5 2. Nf3 Nc6 3. Bb5 Nf6 4. d3 Bc5 5. c3 0-0 6. 0-0 d6 7. Nbd2 a6 8. Ba4 Ba7 9. Bb3 Be6 10. Nc4 h6 11. Qe2 Re8 12. Be3 b5 13. Ncd2 d5 14. Bxa7 Rxa7 15. a4 b4 16. a5 Qd6 17. Ba4 Bd7 18. Rfe1 bxc3 19. bxc3 Rb7 20. Bxc6 Qxc6 21. exd5 Qxd5 22. c4 Qd6 23. Qe3 Bc6 24. c5 Qd5 25. Ne4 Nxe4 26. dxe4 Qb3 27. Qc1 Rb4 28. Nd2 Qb2 29. Qxb2 Rxb2 30. Nc4 Rb5 31. f3 Rxc5 32. Rec1 Re6 33. Ne3 Rb5 34. Ra2 g6 35. h4 Rb3 36. Kf2 Rb5 37. h5 gxh5 38. Nf5 Kh7 39. Rac2 Be8 40. Rxc7 Rxa5 41. R1c2 Rb5 42. Ra7 Rb8 43. Kg3 Rd8 44. Ra2 Rg6+ 45. Kh2 Rb8 46. R2xa6 Rbb6 47. Rxb6 Rxb6 48. Re7 Re6 49. Rxe6 fxe6 50. Nd6 Ba4 51. Nf7 Kg6 52. Nxe5+ Kg5 53. Nd3 Bb5 54. Nc5 e5 55. Kh3 Bc4 56. Kh2 Kf4 57. Kh3 Bf1 58. Nd7 Ke3 59. Nxe5 Kf2 60. Kh4 Bxg2 61. Kxh5 Ke3 62. Ng4+ Kf4 63. Kxh6 Bxf3 64. Nf6 Bxe4 65. Nxe4 Kxe4 1/2-1/2

[Event "Yerevan Margaryan Memorial"]
[Site "Yerevan"]
[Date "2014.01.15"]
[Round "8"]
[White "Aghasaryan, Robert"]
[Black "Harutyunian, Tigran K"]
[Result "1/2-1/2"]
[WhiteElo "2477"]
[BlackElo "2387"]
[PlyCount "33"]
[EventDate "2014.01.08"]
[EventType "tourn"]
[EventRounds "9"]
[EventCountry "ARM"]
[EventCategory "11"]
[SourceTitle "CBM 158 Extra"]
[Source "ChessBase"]
[SourceDate "2014.02.28"]
[SourceVersion "1"]
[SourceVersionDate "2014.02.28"]
[SourceQuality "1"]

1. d4 d5 2. c4 e6 3. Nf3 Nf6 4. g3 dxc4 5. Bg2 Nc6 6. Qa4 Bb4+ 7. Bd2 Nd5 8. Bxb4 Ndxb4 9. Ne5 0-0 10. Nxc6 Nxc6 11. Bxc6 Qxd4 12. Nd2 bxc6 13. Nxc4 e5 14. 0-0 Be6 15. Rac1 Bxc4 16. Qxc4 Qxb2 17. Rc2 1/2-1/2

[Event "Yerevan Margaryan Memorial"]
[Site "Yerevan"]
[Date "2014.01.13"]
[Round "6"]
[White "Aghasaryan, Robert"]
[Black "Hayrapetyan, Hovik"]
[Result "1/2-1/2"]
[WhiteElo "2477"]
[BlackElo "2456"]
[PlyCount "38"]
[EventDate "2014.01.08"]
[EventType "tourn"]
[EventRounds "9"]
[EventCountry "ARM"]
[EventCategory "11"]
[SourceTitle "CBM 158 Extra"]
[Source "ChessBase"]
[SourceDate "2014.02.28"]
[SourceVersion "1"]
[SourceVersionDate "2014.02.28"]
[SourceQuality "1"]

1. e4 c5 2. Nf3 e6 3. g3 Nc6 4. Bg2 e5 5. 0-0 d6 6. c3 Bg4 7. Na3 g6 8. h3 Bxf3 9. Bxf3 Bg7 10. Nc4 Nge7 11. a3 0-0 12. b4 b5 13. Ne3 Qd7 14. Bg2 a5 15. bxc5 dxc5 16. Nd5 Rab8 17. d3 Nxd5 18. exd5 Ne7 19. c4 Nf5 1/2-1/2

[Event "Yerevan Margaryan Memorial"]
[Site "Yerevan"]
[Date "2014.01.09"]
[Round "2"]
[White "Aghasaryan, Robert"]
[Black "Goganov, Aleksey"]
[Result "1/2-1/2"]
[WhiteElo "2477"]
[BlackElo "2581"]
[PlyCount "97"]
[EventDate "2014.01.08"]
[EventType "tourn"]
[EventRounds "9"]
[EventCountry "ARM"]
[EventCategory "11"]
[SourceTitle "CBM 158 Extra"]
[Source "ChessBase"]
[SourceDate "2014.02.28"]
[SourceVersion "1"]
[SourceVersionDate "2014.02.28"]
[SourceQuality "1"]

1. d4 Nf6 2. c4 e6 3. Nc3 Bb4 4. f3 c5 5. a3 Bxc3+ 6. bxc3 Nc6 7. e4 d6 8. Be3 b6 9. Bd3 0-0 10. Ne2 Ba6 11. 0-0 Na5 12. Bg5 h6 13. Bh4 g5 14. Bg3 Bxc4 15. f4 d5 16. fxg5 Nxe4 17. Bxe4 dxe4 18. gxh6 Kh7 19. Re1 Nc6 20. Nf4 f5 21. Bf2 e5 22. dxe5 Nxe5 23. Qh5 Qe8 24. Qh3 Ng4 25. Rad1 Rf6 26. Bh4 Rxh6 27. Qg3 Bb3 28. Rd2 e3 29. Rde2 Qg8 30. h3 Nf2 31. Qxg8+ Kxg8 32. Bxf2 exf2+ 33. Kxf2 Rd6 34. Re7 a5 35. R1e3 Bf7 36. R3e5 Rf6 37. Nd5 Bxd5 38. Rxd5 Kf8 39. Rdd7 Rd8 40. Rb7 Rd2+ 41. Kf3 f4 42. Rec7 Rd3+ 43. Ke4 Re3+ 44. Kd5 Rg6 45. Rf7+ Kg8 46. Rxf4 Rxc3 47. Rb8+ Kg7 48. Rb7+ Kg8 49. Rb8+ 1/2-1/2